000 00590nam a2200217Ia 4500
003 OSt
005 20220928144835.0
006 a|||||r|||| 00| 0
007 ta
008 220927b |||||||| |||| 00| 0 eng d
024 _a76335
037 _cTextual
040 _aSDCL
_cSDCL
_beng
041 _2eng
_aeng
082 _aV273:24'N9, N8
100 _aDayal Lakshmeshwar
_9509878
245 0 _aState and the people
_b Political history of government in India.
260 _c1998
942 _hV273:24'N9, N8
_cTEXL
_2CC
999 _c829881
_d829881